02749nam a2200421 a 4500001001200000003000800012006001900020007001500039008004100054010001700095020003900112020003800151020001500189020002700204040002100231035002100252050002400273082001400297245018400311260005900495300001600554504005100570505113600621533015201757650001401909650002901923650001901952650001801971650003101989650002602020655002902046700003302075700003002108700002702138710001702165856012602182999001902308ebr10537877CaPaEBRm u cr cn|||||||||110831s2012 cau sb 001 0 eng d z 2011036721 z9780804771634 (cloth : alk. paper) z9780804771641 (pbk. : alk. paper) z0804771642 z9780804781107 (e-book) aCaPaEBRcCaPaEBR a(OCoLC)78784458914aJZ1312b.B49 2012eb04a327.122300aBeyond great powers and hegemonsh[electronic resource] :bwhy secondary states support, follow or challenge /cedited by Kristen P. Williams, Steven E. Lobell, and Neal G. Jesse. aStanford, Calif. :bStanford University Press,cc2012. axii, 258 p. aIncludes bibliographical references and index.0 aThe leader can't lead when the followers won't follow : the limitations of hegemony / Neal G. Jesse, Steven E. Lobell, Galia Press-Barnathan, and Kristen P. Williams -- Romania's resistance to the USSR / Kristen P. Williams -- Cuba, Angola and the Soviet Union / Jennifer Kibbe -- Ireland's singular stance : pursuing neutrality as a means to resist the hegemon / Neal G. Jesse -- Power disparities and strategic trade : domestic consequence of U.S.-Jordan trade concessions / Steven E. Lobell -- Comply or defy? : following the hegemon to market / Maria Sampanis -- Western Europe, NATO and the U.S. : leash-slipping, not leash-cutting / Galia Press-Barnathan -- Pakistan : anatomy of a hegemonic malcontent / John R. Dreyer -- Resistance is util (useful) : responses to Brazilian hegemony / Nancy D. Lapp -- Reacting to Russia : foreign relations of the former Soviet bloc / Shale Horowitz and Michael D. Tyburski -- South Asia : conflict, hegemony, and power balancing / Srini Sitaraman -- China and its neighbors : too close for comfort? / Alexander C. Tan -- South Africa : benign hegemony and resistance / Stephen F. Burgess. aElectronic reproduction.bPalo Alto, Calif. :cebrary,d2011.nAvailable via World Wide Web.nAccess may be limited to ebrary affiliated libraries. 0aHegemony. 0aInternational relations. 0aStates, Small. 0aGreat powers. 0aWorld politicsy1945-1989. 0aWorld politicsy1989- 7aElectronic books.2local1 aWilliams, Kristen P.,d1964-1 aLobell, Steven E.,d1964-1 aJesse, Neal G.,d1967-2 aebrary, Inc.40uhttp://site.ebrary.com/lib/rucke/Doc?id=10537877zAn electronic book accessible through the World Wide Web; click to view c134762d134762